| 000 | 00864nam a22001937a 4500 | ||
|---|---|---|---|
| 999 |
_c59273 _d59273 |
||
| 003 | Ge_BSU | ||
| 005 | 20221227150314.0 | ||
| 008 | 221227s2022ge xxu||||| |||| 00| 0 geo d | ||
| 020 | _a9789941332845 X | ||
| 041 | _ageo | ||
| 080 | _a327 მ-91 | ||
| 100 |
_aმურადიშვილი, ხ. _916599 |
||
| 245 |
_aპატარა ქვეყნის პოლიტიკური ლიდერის დილემა პოსტსაბჭოთა სივრცეში : _bმონოგრაფია / _cხ.მურადიშვილი; გ. ბაღათურია. |
||
| 264 |
_aთბილისი : _b,, უნივერსალი" _c2022. |
||
| 300 |
_a242 გვ. _b20 სმ. |
||
| 653 | _aსაგარეო პოლიტიკა | ||
| 700 |
_aბაღათურია, გ _92730 |
||
| 942 |
_2udc _cBK |
||